From apology to utopia : (Record no. 5790)
[ view plain ]
| 000 -LEADER | |
|---|---|
| fixed length control field | 01465cam a2200385 a 4500 |
| 001 - CONTROL NUMBER | |
| control field | ocm20339585 |
| 003 - CONTROL NUMBER IDENTIFIER | |
| control field | OCoLC |
| 005 - DATE AND TIME OF LATEST TRANSACTION | |
| control field | 20200817172048.0 |
| 008 - FIXED-LENGTH DATA ELEMENTS--GENERAL INFORMATION | |
| fixed length control field | 921009s1989 fi b 001 0 eng d |
| 010 ## - LIBRARY OF CONGRESS CONTROL NUMBER | |
| LC control number | 89207423 |
| 020 ## - INTERNATIONAL STANDARD BOOK NUMBER | |
| International Standard Book Number | 9516404138 |
| 020 ## - INTERNATIONAL STANDARD BOOK NUMBER | |
| International Standard Book Number | 9789516404137 |
| 029 1# - (OCLC) | |
| OCLC library identifier | AU@ |
| System control number | 000006767065 |
| 029 1# - (OCLC) | |
| OCLC library identifier | GBVCP |
| System control number | 022593527 |
| 029 1# - (OCLC) | |
| OCLC library identifier | HR0 |
| System control number | G01350450 |
| 029 1# - (OCLC) | |
| OCLC library identifier | NZ1 |
| System control number | 3690931 |
| 029 1# - (OCLC) | |
| OCLC library identifier | ZWZ |
| System control number | 021449864 |
| 035 ## - SYSTEM CONTROL NUMBER | |
| System control number | (OCoLC)20339585 |
| Canceled/invalid control number | (OCoLC)21161210 |
| -- | (OCoLC)1167053012 |
| -- | (OCoLC)1173129552 |
| 040 ## - CATALOGING SOURCE | |
| Original cataloging agency | LNT-L |
| Language of cataloging | eng |
| Transcribing agency | DLC |
| Modifying agency | LRL |
| -- | LUL |
| -- | FCI |
| -- | MUQ |
| -- | BTCTA |
| -- | BAKER |
| -- | YDXCP |
| -- | OL$ |
| -- | GBVCP |
| -- | OCLCO |
| -- | OCLCF |
| -- | OCLCQ |
| -- | UX0 |
| -- | AU@ |
| -- | OCLCQ |
| 042 ## - AUTHENTICATION CODE | |
| Authentication code | lccopycat |
| 049 ## - LOCAL HOLDINGS (OCLC) | |
| Holding library | TZAA |
| 050 04 - LIBRARY OF CONGRESS CALL NUMBER | |
| Classification number | K302 |
| Item number | .K67 |
| 100 1# - MAIN ENTRY--PERSONAL NAME | |
| Personal name | Koskenniemi, Martti. |
| 9 (RLIN) | 14910 |
| 245 10 - TITLE STATEMENT | |
| Title | From apology to utopia : |
| Remainder of title | the structure of international legal argument / |
| Statement of responsibility, etc | Martti Koskenniemi. |
| 260 ## - PUBLICATION, DISTRIBUTION, ETC. (IMPRINT) | |
| Place of publication, distribution, etc | Helsinki : |
| Name of publisher, distributor, etc | Finnish Lawyers' Pub. Co., |
| Date of publication, distribution, etc | 1989. |
| 300 ## - PHYSICAL DESCRIPTION | |
| Extent | xxvi, 550 pages ; |
| Dimensions | 21 cm |
| 504 ## - BIBLIOGRAPHY, ETC. NOTE | |
| Bibliography, etc | Includes bibliographical references (pages 502-541) and index. |
| 650 #0 - SUBJECT ADDED ENTRY--TOPICAL TERM | |
| Topical term or geographic name as entry element | International law. |
| 650 #6 - SUBJECT ADDED ENTRY--TOPICAL TERM | |
| Topical term or geographic name as entry element | Droit international |
| General subdivision | Philosophie. |
| 650 #7 - SUBJECT ADDED ENTRY--TOPICAL TERM | |
| Topical term or geographic name as entry element | International law. |
| Source of heading or term | fast |
| 650 #7 - SUBJECT ADDED ENTRY--TOPICAL TERM | |
| Topical term or geographic name as entry element | Droit international. |
| Source of heading or term | ram |
| 776 08 - ADDITIONAL PHYSICAL FORM ENTRY | |
| Display text | Online version: |
| Main entry heading | Koskenniemi, Martti. |
| Title | From apology to utopia. |
| Place, publisher, and date of publication | Helsinki : Finnish Lawyers' Pub. Co., 1989 |
| Record control number | (OCoLC)755269544 |
| 856 41 - ELECTRONIC LOCATION AND ACCESS | |
| Materials specified | Table of contents |
| Uniform Resource Identifier | <a href="http://www.gbv.de/dms/bowker/toc/9789516404137.pdf">http://www.gbv.de/dms/bowker/toc/9789516404137.pdf</a> |
| 942 ## - ADDED ENTRY ELEMENTS (KOHA) | |
| Source of classification or shelving scheme | Library of Congress Classification |
| Koha item type | Books |
| Home library | Current library | Date acquired | Full call number | Barcode | Koha item type | Public note |
|---|---|---|---|---|---|---|
| African Court on Human and Peoples' Rights Library | African Court on Human and Peoples' Rights Library | 17/08/2020 | K302 .K67 | 10205004 | Books | Donation by the International Law Book Foundation (ILBF) |
